| 000 | 005110000a22001810004500 | ||
|---|---|---|---|
| 005 | 20120302055509.0 | ||
| 942 | _cBOOK | ||
| 100 | _a Gole,Vasant Hari. | ||
| 245 | _a Mahaaraashtraateela Vidyaapeethaanpudhila Kaahee Shaikshanika Va SHaasakiya Samasyaa | ||
| 260 | _aMumbai:Mumbai Maraathi Saahitya Sangha,1972. | ||
| 300 | _a51p. | ||
| 040 | _aMAR | ||
| 365 | _b2/- | ||
| 650 | _aShikshan | ||
| 650 | _aMahaaraashtra-Vidyaapeetha | ||
| 650 | _aShaikshanika-SHaasakiya Samasyaa | ||
| 650 | _aVyaakhyaane | ||
| 999 |
_c348566 _d348563 |
||